1177 1765 1744 1470 1825 1984 1975 1194 1531 1957 1492 1292 1278 1625 1759 1558 1371 1519 1705 1490 1039 1334 1981 1764 1701 1084 1362 1656 1970 1496 1721 1665 1377 1207 1173 1610 1171 1226 1473 1663 1710 1366 1124 1714 1303 1823 1264 1116 1671 1723 1020 1056 1277 1344 1272 1924 1755 1054 1312 1974 1980 1639 1283 1885 1079 1798 1940 1291 1136 1967 1643 1391 1179 1277 1215 1106 1046 1437 1502 1284 1929 1680 1937 1084 1607 1482 1941 1647 1319 1612 1175 1728 1464 1551 1487 1546 1918 1284 1197 BCNSPRNW ULIB Ver.6.0+V

เปลี่ยนเป็นภาษาไทย

Change to English
 แสดงรายละเอียดบรรณานุกรม
  กลับหน้าหลัก

Brief Record : Get Marc (ISO 2709) : E-mail record : QR code < ปิดหน้าต่าง
LEADER : 00000nam 2200000uu 4500
001    13399122702
003     ULIB
008    130902s2554||||th 000 0 tha d
020    ^a9789740327912
050  4 ^aBF441^bช14ก
100 0  ^aชนาธิป พรกุล
245 00 ^aการสอนกระบวนการคิด ทฤษฎีและการนำไปใช้^cชนาธิป พรกุล
250    ^aพิมพ์ครั้งที่ 2
260    ^aกรุงเทพฯ:^bสำนักพิมพ์แห่งจุฬาลงกรณ์มหาวิทยาลัย,^c2554
300    ^a454 หน้า:^bภาพประกอบ,^c29cm
650  4 ^aการคิด
650  4 ^aการสอนการคิด
945    ^p310^l0^i20144
995    ^aทศพร
999    ^aทศพร เกษรทอง
รายการนี้ยังไม่มีแท็ก
คุณยังไม่ได้ล็อกอิน คุณสามารถมีกิจกรรมร่วมกับเว็บไซต์ได้ แต่ต้องล็อกอินก่อน ::
  ล็อกอิน

รายการสื่อสารสนเทศ

ลำดับที่ ประเภท เลขเรียก/บาร์โค้ด สถานที่ สถานะ
1. การศึกษาทั่วไป
การศึกษาทั่วไป
BF441 ช14ก ฉ.1 
  Barcode: 20144
ห้องสมุดวิทยาเขตนครสวรรค์
►หนังสือทั่วไป:l:General Books
บนชั้น

รายการใกล้เคียง
    ผู้แต่ง [ชนาธิป พรกุล]

    หัวเรื่อง [การคิด]
    หัวเรื่อง [การสอนการคิด]

BibComment


ยังไม่เคยถูกคอมเมนท์

คอมเมนท์ทรัพยากรรายการนี้
  คอมเมนท์: การสอนกระบวนการค..


 Copyright 2026. Bcnsprnw @Library